00332 a2200097 4500001000900000005001700009008004100026245007300067100002400140773007000164ART_679020260410161553.0260409a 10aEl destino de los resultados acumulados de las sociedades anónimas1 aGarcía, Sergio O.0 tProfesional & Empresariag- Año VIII, Nº 85 (oct. 2006)wREV70